000 00372nam a2200109 4500
999 _c15177
_d15177
008 200305b ||||| |||| 00| 0 eng d
245 _aBishop to voters: use social media to rally behind 'Good Candidates'.
260 _aPhilippines;
_bPhilippine Daily Inquirer,
_c©2019.
300 _apage A6;
_c29.5cm.
650 _aElectronic discussion groups.
_941937
942 _2ddc
_cPER